| 000 | 00637cam a22001811 4500 | ||
|---|---|---|---|
| 082 |
_a510.2462 _bRED _cL-3, P-4 |
||
| 100 | 1 |
_aReddick, Harry W. _939020 |
|
| 245 | 0 | 0 |
_aAdvanced mathematics for engineers, _cby H.W. Reddick ... and F.H. Miller. |
| 260 |
_aNew York, _bJ. Wiley & Sons, inc.; _aLondon, _bChapman & Hall, limited, _c1938. |
||
| 300 |
_ax, 473 p. _bdiagrs. _c24 cm. |
||
| 500 | _a"Answers to problems": p. 457-466. | ||
| 526 |
_a0 _b0 _c0 _d510_246200000000000_RED |
||
| 526 |
_a0 _b0 _c0 _d510_246200000000000_RED |
||
| 650 | 0 | _aEngineering. | |
| 650 | 0 | _aMathematics. | |
| 700 | 1 |
_aMiller, Frederic H. _939021 |
|
| 942 |
_2ddc _cBK |
||
| 999 |
_c543605 _d543605 |
||